|
|
|
|
| LEADER |
00000nam0a2200000 4500 |
| 001 |
20256 |
| 005 |
20231030192013.0 |
| 035 |
|
|
|a (RuTPU)RU\TPU\book\20434
|
| 035 |
|
|
|a BOOK00005123
|
| 090 |
|
|
|a 20256
|
| 100 |
|
|
|a 20011209d1993 km y0rusy50 ca
|
| 101 |
1 |
|
|a rus
|c eng
|
| 102 |
|
|
|a RU
|
| 105 |
|
|
|a a z 000zy
|
| 200 |
1 |
|
|a Тибетская книга мертвых
|e пер. с англ.
|
| 210 |
|
|
|a СПб.
|c Чернышев
|d 1993
|
| 215 |
|
|
|a 254 с.
|c ил.
|
| 423 |
|
|
|t Психологический комментарий к "Тибетской книге мертвых"
|f К. Г. Юнг
|
| 423 |
|
|
|t "Человек умирает только раз в жизни..."
|f П. А. Флоренский
|
| 423 |
|
|
|t Мытарства души блаженной Феодоры
|
| 423 |
|
|
|t Душа после смерти
|f Иеромонах Серафим (Роуз)
|
| 423 |
|
|
|t Жизнь после смерти
|f Архиепископ Иоанн (Максимович)
|a Флоренский, Павел Александрович
|
| 610 |
1 |
|
|a философия
|
| 610 |
1 |
|
|a Восток
|
| 610 |
1 |
|
|a история
|
| 610 |
1 |
|
|a Тибет
|
| 610 |
1 |
|
|a смерть
|
| 610 |
1 |
|
|a жизнь
|
| 610 |
1 |
|
|a религиозная философия
|
| 686 |
|
|
|a Ю3(5Кит)
|v LBC/SL-A
|2 rubbk
|
| 686 |
|
|
|a Ю2
|v LBC/SL-A
|2 rubbk
|
| 801 |
|
0 |
|a RU
|b 63413507
|c 20011209
|g PSBO
|
| 801 |
|
2 |
|a RU
|b 63413507
|c 20220603
|g PSBO
|
| 942 |
|
|
|c BK
|